QCM Multisports #2 - Statistiques

Statistiques générales
  • Ce quiz a été pris 50 fois
    21 depuis la dernière actualisation
  • Le résultat moyen est 10 sur 20
Statistiques - réponses
Question Réponse % Correct
4. NATATION - Quelle est la nage usuellement utilisée par les nageurs dans la catégorie "nage libre" ? Le crawl
89%
10. JUDO - Face à quel pays la France a-t-elle glané la médaille d'or olympique aux jeux de Paris 2024 après une remontada mémorable ? Le Japon
89%
3. BASKETBALL - Quelle ville américaine accueille la franchise des Heats ? Miami
79%
1. FOOTBALL - Avec le Paris Saint-Germain, quel autre club français a remporté 10 fois ou plus le championnat de Ligue 1 AS Saint-Étienne
74%
16. BEACH SOCCER - Combien de titulaires compte une équipe de beach soccer ? 5
68%
8. TENNIS DE TABLE - Quel joueur ou joueuse français(e) a été le/la premier(e) à remporter un tournoi sur le circuit WTT en simple ? Félix Lebrun
63%
7. GOLF - Quelle image correspond à un putter ?
58%
6. ATHLÉTISME - Quel temps a réalisé Usain Bolt lors des Championnats du monde de Berlin en 2009, réalisant par la même occasion le record (toujours d'actualité) de la discipline ? 9 s 58
58%
2. RUGBY - Quel métaphore peut-on utiliser pour qualifier un plaquage dangereux, faisant tomber sur la tête ou sur le dos le joueur plaqué ? Cathédrale
58%
11. MOTO GP - Sur quel circuit se déroule le Grand Prix de France de Moto GP ? Le Mans
58%
13. KARATÉ - Quelle est à ce jour la seule édition des JO ayant contenu du karaté ? Tokyo 2020
58%
12. HANDBALL - Quel club est le plus titré en Ligue des Champions masculine ? FC Barcelone
53%
5. TENNIS - Qui est le ou la dernier(e) joueur/euse français(e) à avoir gagné un tournoi du Grand Chelem ? Marion Bartoli
42%
17. TAEKWONDO - De quel pays est originaire le taekwondo ? Corée du Sud
37%
19. GYMNASTIQUE - Quel était l'agrès de prédilection de la gymnaste roumaine Nadia Comaneci ? La poutre
37%
20. PARIS 2024 - Quel était l'hymne officiel des JO de Paris 2024 ? Victor le Masne - Parade
37%
15. CYCLISME - Quelle est la couleur des pois sur le maillot du meilleur grimpeur du Tour d'Espagne ? Bleu
32%
9. FORMULE 1 - Quels pneus est-il déconseillé de chausser pour prendre le départ sur piste sèche ? Inter
26%
18. ÉCHECS - Quelle image correspond à une ouverture écossaise ?
16%
14. BOXE - Combien de combats le boxeur Mohamed Ali a-t-il perdu dans sa carrière, en 61 combats ? 5
16%
Aucun quiz correspondant
Distribution des résultats
% des personnes avec chaque résultat
Percentile par nombre de réponses
Votre historique - résultats
Vous n’avez pas pris ce quiz depuis la dernière actualisation